00994nam a2200265 a 4500001000200000003000900002005001700011007000300028008004000031020001500071040003100086082002800117100004400145245010900189264006100298300003100359336002700390337003500417338003000452500007400482504003000556600006200586650003300648651004700681 DO-SdBPM20260511100031.0ta150324s2005 ve a 000 0 spa d a9801108681 aDO-SdBPMbspacBPMSU erda04a320.987bM539v 20052221 aMendoza Angulo, José. eautor 4aut.  aVenezuela destino incierto : bpara comprender lo que pasa hoy en el país / cJosé Mendoza Angulo.  aMérida, Venezuela : bUniversidad de Los Andes, c2005 a166 páginas ;c22 cm.b  atextobtxt2rdacontent asin mediación bn2rdamedia  avolumen bnc2rdacarrier  3 Incluye datos biográficos del autor en la solapa de la cubierta5  aIncluye bibliografías. 17aChávez, Hugo, d1954-2013 xPensamiento político v  4aDemocracia y1999zVenezuela 7aVenezuelaxPolítica y gobierno.y19992